000 00938nam a2200229 i 4500
001 115965
003 ES-MaACL
005 20250812224528.0
007 t|
008 061121s1929 sp r ||||1| spa d
100 1 _aOrtiz Picón, Juan Manuel.
_987637
245 1 0 _aAportación al conocimiento del condrioma de la célula nerviosa /
_cJuan Manuel Ortiz Picón, M. Pérez Lista.
260 _aMadrid :
_b[s.n.],
_c1929.
300 _a14 h., 5 lám. ;
_c24 cm.
490 1 _aTrabajos del Laboratorio de Histopatología de la Junta para Ampliación de Estudios ;
_v77
500 _aEs tirada aparte del Boletín de la Real Sociedad Española de Historia Natural, tomo XXIX.
700 1 _aPérez Lista, M.
_990967
830 0 0 _aTrabajos del Laboratorio de Histopatología de la Junta para Ampliación de Estudios
_v77
_9184307
852 _aES-MaACL
_j1732-F-31
852 _aES-MaACL
_j1732-F-15
999 _c115965
_d115965